000 00460nam a2200181 a 4500
001 1767073667850
003 YourLibrary
005 20251230111908.0
008 251230s2009##################000#0#eng##
020 _a9788130912042
082 0 4 _a616.9792
_bVIN
245 1 0 _aSexually Transmitted Diseases And Hiv/Aids :
260 _c2009.
300 _a908 pages
650 0 _aAIDS (Disease).
942 _cENGLISH
040 _aYourLibrary
_beng
_cYourLibrary
999 _c605971
_d605971